Marvel Heroes by German Names (Simple) #3 - Statistics

General Stats
  • This quiz has been taken 7 times
  • The average score is 13 of 20
Answer Stats
German Name Answer % Correct
Engel Angel
100%
Spinne-Mann Spider-Man
100%
Thor, Prinz des Donners Thor, Prince of Thunder
100%
Weiße Tiger(in) White Tiger
100%
Kristall Crystal
86%
Juwel Jewel (Jessica Jones)
86%
Frau(lein) Amerika Miss America
86%
Wespe Wasp
86%
Frau(lein) Wunder Ms. Marvel
71%
Schwarzer Ritter Black Knight
57%
Eisen Faust Iron Fist
57%
Kriegsmaschine War Machine
57%
Blinzeln Blink
43%
Schattenkatze Shadowcat
43%
Sie-Rumpf She-Hulk
43%
Stern-Herr Star-lord
43%
Umhang Cloak
29%
Dolch Dagger
29%
Nachklang Echo
29%
Bestrafer Punisher
29%
No matching quizzes found
Score Distribution
Percent of People with Each Score
Percentile by Number Answered
Your Score History
You have not taken this quiz